| 000 | 00830 am a2200277 a 4500 | ||
|---|---|---|---|
| 005 | 20220901085641.0 | ||
| 008 | 100514s1980||||ag d f |||| 00| 0 spa d | ||
| 020 | _aS/N | ||
| 041 | _aspa | ||
| 092 |
_c616.5 _l46 _sKUR |
||
| 100 | 1 |
_aKurlat, David M. _9177 |
|
| 245 |
_aUrticaria. _bPrurito. _cDavid M. Kurlat. |
||
| 250 | _a1a ed. | ||
| 260 |
_aBuenos Aires : _bLópez LIbreros Editores, _c1980. |
||
| 300 | _a251 p. | ||
| 500 | _aKurlat, D. M. (1980) Urticaria. Prurito. (1a ed.) Buenos Aires: López libreros ediciones | ||
| 590 | _aDonación Dr. Mancuso 2007 | ||
| 653 | _aUrticaria. Generalidades | ||
| 653 | _aFormas etiológicas de la urticaria | ||
| 653 | _aUrticaria física | ||
| 653 | _aPrurito | ||
| 653 | _aFormas etiológicas | ||
| 653 | _aPruritos anal y vulvar | ||
| 930 | _a1761 | ||
| 942 |
_2ddc _cBK |
||
| 999 |
_c314 _d314 |
||